serun
ՀԱՅ ԳԻՐՔ = Armenian Book

Սկսում ենք սովորել հայերեն : (Record no. 165798)

000 -LEADER
fixed length control field nam a22 a 4500
003 - CONTROL NUMBER IDENTIFIER
control field AM-YeNLA
005 - DATE AND TIME OF LATEST TRANSACTION
control field 20260211145943.0
007 - PHYSICAL DESCRIPTION FIXED FIELD--GENERAL INFORMATION
fixed length control field ta
008 - FIXED-LENGTH DATA ELEMENTS--GENERAL INFORMATION
fixed length control field 260211s2024 ai ad||gr|||||000|0|arm||
020 ## - INTERNATIONAL STANDARD BOOK NUMBER
International Standard Book Number 978-9939-0-5007-2
040 ## - CATALOGING SOURCE
Language of cataloging arm
Transcribing agency AM-YeNLA
041 0# - LANGUAGE CODE
Language code of text/sound track or separate title arm
100 1# - MAIN ENTRY--PERSONAL NAME
Personal name Մինասյան, Սիրանուշ Սեդրակի
245 10 - TITLE STATEMENT
Title Սկսում ենք սովորել հայերեն :
Remainder of title [Հայերեն ուսումնասիրող անգլիախոս ուսանողների համար] = Armenian for beginners :
Number of part/section of a work Մաս 1 /
Statement of responsibility, etc. Ս.Ս. Մինասյան ; Խմբագիր՝ Լ. Տեր-Գրիգորյան.
246 11 - VARYING FORM OF TITLE
Title proper/short title Armenian for beginners
260 ## - PUBLICATION, DISTRIBUTION, ETC. (IMPRINT)
Place of publication, distribution, etc. Երևան :
Name of publisher, distributor, etc. Հեղինակային հրատարակություն,
Date of publication, distribution, etc. 2024.
300 ## - PHYSICAL DESCRIPTION
Extent 240 էջ :
Other physical details նկար, աղյուսակ ;
Dimensions 24 սմ.
650 14 - SUBJECT ADDED ENTRY--TOPICAL TERM
Topical term or geographic name as entry element Հայոց լեզու
Form subdivision Ձեռնարկներ
700 1# - ADDED ENTRY--PERSONAL NAME
Personal name Տեր-Գրիգորյան, Լիլիթ Աշոտի,
Dates associated with a name 1961-
Relator term խմբ.
Relator code edt
9 (RLIN) 33208
942 ## - ADDED ENTRY ELEMENTS (KOHA)
Source of classification or shelving scheme
Koha item type Books
Holdings
Withdrawn status Lost status Source of classification or shelving scheme Damaged status Not for loan Permanent Location Current Location Date acquired Inventory number Date last seen Price effective from Koha item type
          National Library of Armenia National Library of Armenia 2026-02-11 ՀԱԳ 2026-02-11 2026-02-11 Books

Հայաստանի ազգային գրադարան ՀՀ, 0009,Երևան, Տերյան 72
Հետադարձ կապ